Veda má na vysokej škole domovské právo

Nevyužívanie možnosti vytvárať centrá budúcich progresívnych technológií a podnikateľských aktivít založených na zapojení a využívaní vysokoškolskej vedy a techniky na Slovensku. Invenčný potenciál vysokých škôl. Zoštíhlenie pracovísk vedy a výskumu. Revitalizácia výskumu.

Salvato in:
Dettagli Bibliografici
Autore principale: Tolnay, M.
Natura: Capitolo di libro
Lingua:slovacco
Soggetti:
Tags: Aggiungi Tag
Nessun Tag, puoi essere il primo ad aggiungerne!!

MARC

LEADER 00000naa a2200000 4500
001 r022798
005 20230801104503.8
041 0 |a slo 
044 |a SK 
245 1 0 |a Veda má na vysokej škole domovské právo  |c M. Tolnay 
520 |a Nevyužívanie možnosti vytvárať centrá budúcich progresívnych technológií a podnikateľských aktivít založených na zapojení a využívaní vysokoškolskej vedy a techniky na Slovensku. Invenčný potenciál vysokých škôl. Zoštíhlenie pracovísk vedy a výskumu. Revitalizácia výskumu. 
610 2 0 |a Slovensko 
610 2 0 |a 1995 
610 2 0 |a 1996 
610 2 0 |a veda 
610 2 0 |a výskum 
610 2 0 |a školy vysoké 
100 1 |a Tolnay, M.